LEADER 01049nam a2200217 i 4500 001 000000017112 003 CaOOAMICUS 005 20180830125443.0 008 180830s1983 it u000 u ita u 040 $aSeMil$bita 100 1 $aAngelini, Giuseppe,$c.$0(OLS)http://semarc/name/1093 245 12$aI fondamenti della morale cristiana /$cGiuseppe Angelini. 260 $aMilano :$bFacoltà teologica dell'Italia settentrionale,$c1983. 300 $a2 v. ;$c30 cm. 500 $aVolumi dattiloscritti del Corso di teologia morale fondamentale dell'anno 1983-1984. 650 4$aTeologia morale fondamentale.$0(OLS)http://semarc/subject/2786 650 4$aDispense scolastiche.$0(OLS)http://semarc/subject/526 774 0 $aAngelini, Giuseppe $t1.$gParte1$w()157656 774 0 $aAngelini, Giuseppe $t2.$gParte2$w()157657 996 $6245$aI fondamenti della morale cristiana$9(OLS)http://semarc/title/22622 996 $6260$aMilano :$bFacoltà teologica dell'Italia settentrionale$9(OLS)http://semarc/publisher/34569 LEADER 01112nam a2200229 i 4500 001 000000099526 003 CaOOAMICUS 005 20171016000000.0 008 171016s1883 it u000 u ita u 013 $a71678 040 $aSeMil$bita 100 1 $aRovani, Giuseppe <1818-1874>.$0(OLS)http://semarc/name/11555 245 10$aStoria della Grecia negli ultimi trent'anni :$b1824-1854 : in continuazione a quella di Pouqueville /$cdi Giuseppe Rovani. 260 $aMilano :$bFerrario,$c1883. 300 $a360 p., [8] c. di tav. :$bill. ;$c21 cm. 650 4$aGrecia - Storia.$0(OLS)http://semarc/subject/44644 650 4$aGrecia - Storia - 1824-1854.$0(OLS)http://semarc/subject/45869 700 1 $aPouqueville, François Charles Hugues Laurent.$0(OLS)http://semarc/name/89433 850 $aSeMil 852 $aSeMil$W1$xVenegono$y1$m3S III 34 FA$j56987$B56987$CSeMilBibl$Z2$F67037 $8I 996 $6245$aStoria della Grecia negli ultimi trent'anni :$b1824-1854 : in continuazione a quella di Pouqueville$9(OLS)http://semarc/title/406511 996 $6260$aMilano :$bFerrario$9(OLS)http://semarc/publisher/56915